|
|
|
|
| LEADER |
00000nab a2200000 a 4500 |
| 001 |
vtls000715825 |
| 003 |
SK-MaSNL |
| 005 |
20260304143320.0 |
| 008 |
250505c1999 xo 0 slo |
| 015 |
|
|
|a SNBRB2000/03-06935
|
| 035 |
|
|
|a CLN000067992
|
| 035 |
|
|
|a urn:nbn:sk:snk-ab2u8x
|
| 035 |
|
|
|a (urnnbn)urn:nbn:sk:snk:ar-a02y8p
|
| 035 |
|
|
|a (uuid)7a503b3c-8a4a-4475-ad6e-b9e684d77010
|
| 040 |
|
|
|a SNKBUCL
|b slo
|c SNKBUCL
|e AACR2
|
| 041 |
0 |
|
|a slo
|
| 044 |
|
|
|a xo
|c SK
|
| 080 |
|
|
|a 159.928.22-053.2(048)
|2 1997
|
| 080 |
|
|
|a 159.923.2-053.2(048)
|2 1997
|
| 100 |
1 |
|
|a Dočkal, Vladimír,
|d 1952-
|4 aut
|9 5006
|
| 245 |
1 |
0 |
|a Margita Mesárošová: Nadané deti. Poznávanie a rozvíjanie ich osobnosti
|c Vladimír Dočkal
|
| 650 |
0 |
7 |
|a deti nadané
|x osobnosť
|x rozvoj
|x monografie
|x recenzie
|2 snkbucl
|9 1464108
|
| 650 |
0 |
7 |
|a osobnosť
|x deti nadané
|2 snkbucl
|9 1464109
|
| 655 |
|
7 |
|a články z novín a časopisov
|2 snkbucl
|9 267496
|
| 773 |
0 |
|
|t Psychológia a patopsychológia dieťaťa
|g Roč. 34, č. 2 (1999), s. 187
|x 0555-5574
|
| 787 |
0 |
8 |
|i Rec.:
|a Mesárošová, Margita
|t Nadané deti
|d Prešov : ManaCon, 1998
|z 8085668645
|
| 850 |
|
|
|a Slovenská národná knižnica
|
| 852 |
|
|
|a Slovenská národná knižnica
|
| 954 |
|
|
|a odborná, vedecká literatúra pôvodná (slovenská)
|2 lita
|
| 958 |
|
|
|a article2022
|
| 958 |
|
|
|a SK
|
| 958 |
|
|
|a OND
|
| 958 |
|
|
|a EUIPO
|
| 992 |
|
|
|a RBX
|
| 999 |
|
|
|c 2924849
|d 2926779
|